Writing matters Writing skills and strategies for students of English
Guardat en:
| Autor principal: | |
|---|---|
| Altres autors: | |
| Format: | Llibre |
| Idioma: | Undetermined |
| Publicat: |
New York
Cambridge University Press
2007
|
| Matèries: | |
| Accés en línia: | http://lrc.tdmu.edu.vn/opac/search/detail.asp?aID=2&ID=41792 |
| Etiquetes: |
Afegir etiqueta
Sense etiquetes, Sigues el primer a etiquetar aquest registre!
|
| Thư viện lưu trữ: | Trung tâm Học liệu Trường Đại học Thủ Dầu Một |
|---|
| LEADER | 00670nam a2200217Ia 4500 | ||
|---|---|---|---|
| 001 | TDMU_41792 | ||
| 008 | 210410s9999 xx 000 0 und d | ||
| 082 | |a 604.2 | ||
| 090 | |b B435 | ||
| 100 | |a Brown, Kristine | ||
| 245 | 0 | |a Writing matters | |
| 245 | 0 | |b Writing skills and strategies for students of English | |
| 245 | 0 | |c Kristine Brown, Susan Hood | |
| 260 | |a New York | ||
| 260 | |b Cambridge University Press | ||
| 260 | |c 2007 | ||
| 300 | |a 149tr. | ||
| 650 | |a English |x Writing skills | ||
| 700 | |a Hood, Susan | ||
| 856 | |u http://lrc.tdmu.edu.vn/opac/search/detail.asp?aID=2&ID=41792 | ||
| 980 | |a Trung tâm Học liệu Trường Đại học Thủ Dầu Một | ||